| 000 | 00992nmc a2200325 a 4500 | ||
|---|---|---|---|
| 003 | AR-BaBNM | ||
| 005 | 20251128204238.0 | ||
| 008 | 175119s1992 ||||||||||||||000 | spa|| | ||
| 020 | _a950-06-2606-3 | ||
| 040 | _cAR-BaBNM | ||
| 100 | 1 | _aZuhrt, Renate | |
| 245 | 1 | 0 | _aEducación del movimiento y del cuerpo en niños discapacitados físicamente |
| 250 | _a1ª ed. | ||
| 260 |
_aBuenos Aires _bEditorial Médica Panamericana _c1992 |
||
| 300 | 0 |
_a173 p. _bil., tablas |
|
| 490 | 0 | _aEducación especial | |
| 500 | 0 | _aContiene índice analítico | |
| 504 | _aContiene referencias bibliográficas p. 181-182 | ||
| 650 | 4 | _aEDUCACION ESPECIAL | |
| 650 | 4 | _aEDUCACION FISICA | |
| 650 | 4 | _aPROGRAMAS DE EDUCACION ESPECIAL | |
| 650 | 4 | _aACTIVIDADES DEPORTIVAS | |
| 650 | 4 | _aACTIVIDADES FISICAS | |
| 650 | 4 | _aPSICOMOTRICIDAD | |
| 653 | _aDISCAPACIDAD MOTORA | ||
| 653 | _aDISCAPACITADOS FISICOS | ||
| 700 | 1 |
_aBläsig, Whilhelm _eprologuista |
|
| 942 | _cBK | ||
| 998 | _cMARTIN | ||
| 999 |
_c6695 _d6695 |
||